[Event "Bazna Kings 4th"]
[Site "Medias"]
[Date "2010.06.17"]
[Round "4"]
[White "Carlsen, Magnus"]
[Black "Wang, Yue"]
[Result "1-0"]
[WhiteElo "2813"]
[BlackElo "2752"]
[Annotator "Rogozenco,D"]
[PlyCount "107"]
[EventDate "2010.06.14"]
[EventType "tourn"]
[EventRounds "10"]
[EventCountry "ROU"]
[EventCategory "20"]
[SourceTitle "CBM 137"]
[Source "ChessBase"]
[SourceDate "2010.07.15"]
[SourceVersion "1"]
[SourceVersionDate "2010.07.15"]
[SourceQuality "1"]

1. e4 e5 2. f4 {A big surprise: the King's Gambit is extremely rare on the top
level nowadays. "Things weren't going so well in the tournament I thought I
just try it and see how it goes" said Magnus after the game.} d5 ({Carlsen
himself played once with Black} 2... exf4 3. Nf3 g5) 3. exd5 exf4 4. Nf3 Nf6 5.
Bc4 Nxd5 6. O-O Be7 7. Bxd5 Qxd5 8. Nc3 Qd8 9. d4 O-O 10. Bxf4 Bf5 11. Qe2 {
There is almost no theory here. The impression is that White can hope for an
edge thanks to his lead in development and somewhat better control in the
center, but Black has the bishop pair and should be able to hold equality.} Bd6
{A new and somewhat unexpected move, since Black is giving up the bishop pair
and leaves the queenside undeveloped yet.} ({Previously Black played} 11... Nc6
) ({Another move to consider is} 11... c6) 12. Bxd6 Qxd6 13. Nb5 Qd8 14. c4 a6
({More natural looks} 14... c6 15. Nc3 Nd7) 15. Nc3 Nd7 16. Rad1 Bg6 17. Qf2
Re8 18. h3 {White is slightly better, but since Black has no weaknesses it is
far from easy to break through.} Rc8 {What could be possibly be the purpose of
this move? It does not prepare the advance c5 and Black doesn't need to
protect the pawn c7 either. So the only explanation I find is that the Chinese
Grandmaster wanted just to wait and see how his opponent is going to make
progress.} 19. Rfe1 Rxe1+ 20. Rxe1 c6 21. d5 {Sooner or later White must make
this move.} Nf6 22. Qd4 cxd5 23. Nxd5 Nxd5 24. cxd5 Qd6 25. Ne5 {White's plan
is to play at some moment Nc4 and then advance the d-pawn. If Black prevents
it by playing b7-b5, then the weakness of square c6 is unpleasant. Therefore a
good defensive plan is needed and Wang Yue fails to find it.} Re8 ({There was
a reasonable way to force matters with} 25... f6 26. Nxg6 (26. Nc4 $2 {is a
blunder in view of} Qb4 27. Rc1 b5 {and Black wins.}) (26. Nf3 {is also bad:}
Bf7 27. Rd1 Rd8 {and White loses the d5-pawn}) 26... hxg6 27. Re6 Qc5 ({Perhaps
} 27... Rc1+ 28. Kf2 Rc2+ 29. Kf3 Qd7 {is also acceptable.}) 28. Qxc5 Rxc5 29.
d6 Rd5 {and the endgame should be a draw. For instance:} 30. Kf2 ({or} 30. h4
b5 31. Kf2 Kf7 32. Re7+ Kf8 33. Rd7 Rd2+ 34. Ke3 Rxg2 35. Ra7 Ke8) 30... g5 31.
Ke3 (31. g4 b5 32. Ke3 Kf7 33. Re7+ Kf8 34. Rd7 g6 35. Ke4 Rd2) 31... f5 32.
Re7 Rxd6 33. Rxb7 Kh7 34. a4 Kg6 35. a5 f4+ 36. Ke4 Re6+ 37. Kf3 (37. Kd3 Re3+
38. Kd4 Re2 39. Rb6+ Kf5) 37... Kf5) (25... Bf5 $5) (25... Qc5 $2 {loses due to
} 26. Qxc5 Rxc5 27. d6 Rd5 28. d7 {winning.}) 26. Re3 Rd8 (26... b5 27. Nc4 $1
Qd8 28. Rxe8+ Qxe8 29. Ne5 {is the kind of position White is aiming for.}) 27.
Nc4 Qf6 28. Re5 $1 h6 $2 {This allows White to advance the pawn.} ({After} 
28... b5 29. Na5 (29. Qe3 h6) 29... h6 {Black should be able to hold the
position.}) 29. d6 $1 Bf5 (29... b5 30. d7 $1 Kh7 31. Nb6 {is also unpleasant.}
) 30. Nb6 $1 Be6 (30... Rxd6 31. Nd5 {forces Black to give up the exchange}) (
30... Qxd6 $2 {loses right away due to} 31. Rd5) 31. d7 Kh8 32. a4 {Black is
almost paralyzed and will soon end up in a sort of zugzwang.} g6 33. Qc3 Kg7
34. a5 h5 35. h4 {Here the Chinese player decided to give up the exchange and
go for a position where he said "I think I have chances to draw".} Rxd7 (35...
Bxd7 $2 36. Rd5 {loses the bishop}) (35... Qxh4 $2 36. Rxe6+) ({Black could
still wait with} 35... Kg8 {but then} 36. Rc5 ({or first} 36. g3) 36... Qxc3 (
36... Qxh4 37. Rc8) 37. Rxc3 Kf8 38. Rc7 {and White wins.}) 36. Nxd7 Bxd7 37.
Qd4 Bc6 38. b4 Bb5 39. Kh2 Ba4 40. Rd5 Bc6 41. Qxf6+ Kxf6 42. Rc5 Ke6 43. Kg3
f6 44. Kf2 Bd5 45. g3 g5 $2 {This loses by force, but on the other hand the
position must be lost anyway. White brings the king to d4, then attacks with
the rook the pawn f6, forcing Black to play Ke6, then White goes with the king
to b6 and takes with the rook on b7, winning.} 46. g4 $1 {This way White
creates a passed h-pawn, which decides quickly.} hxg4 47. h5 Be4 48. Rc7 f5 49.
h6 f4 50. h7 g3+ 51. Ke1 f3 52. h8=Q f2+ 53. Ke2 Bd3+ 54. Ke3 1-0

[Event "Bazna Kings 4th"]
[Site "Medias"]
[Date "2010.06.19"]
[Round "5"]
[White "Nisipeanu, Liviu Dieter"]
[Black "Carlsen, Magnus"]
[Result "0-1"]
[WhiteElo "2672"]
[BlackElo "2813"]
[Annotator "Rogozenco,D"]
[PlyCount "62"]
[EventDate "2010.06.14"]
[EventType "tourn"]
[EventRounds "10"]
[EventCountry "ROU"]
[EventCategory "20"]
[SourceTitle "CBM 137"]
[Source "ChessBase"]
[SourceDate "2010.07.15"]
[SourceVersion "1"]
[SourceVersionDate "2010.07.15"]
[SourceQuality "1"]

1. e4 c5 2. Nf3 d6 3. d4 cxd4 4. Nxd4 Nf6 5. Nc3 g6 6. Be3 Bg7 7. f3 Nc6 8. Qd2
O-O 9. O-O-O d5 {This is one of the most critical positions of the Sicilian
Dragon. White hopes that after possible simplifications a better control in
the center will secure him an edge.} 10. Kb1 {Schulz,A: 'Ein nützlicher
Wartezug mit einer giftigen Pointe.'} Rb8 {Black prepares himself for an
eventual exchange on c6, which would open the b-file and will leave the rook
ideally placed on b8.} ({The main line goes} 10... Nxd4 11. e5 $1 {which
happened for instance in the game Nisipeanu-Radjabov, Kings Tournament 2009.})
11. Ndb5 {It is very likely that after the present game the White players will
look for advantage in other lines, perhaps after moves like} (11. Be2) ({or} 
11. h4 h5 12. Be2) 11... a6 12. Na7 {The knight on a7 looks somewhat misplaced,
but all this is theory and up to the present game it was considered that
White's prospects are slightly preferable.} e6 13. g4 ({The alternative is} 13.
exd5 {but it seems that both} exd5 {and 13...Nxd5 offer Black a reasonable
game.}) 13... Re8 $1 {Just like on move 10, Black makes another "mysterious
rook move". This continuation came unexpected for Nisipeanu, who started to
use lots of time. Black's idea is to place ideally his pieces for the opening
of the position. And indeed it is far from easy for White to find a good plan.}
({The usual continuation is} 13... Qc7) 14. g5 Nh5 {Strictly speaking, only
this move is new, but already 13...Re8 is almost unexplored. The first
critical moment.} ({In a blitz game between two GMs Black played once the very
weak} 14... Nd7 {and after} 15. exd5 exd5 16. Nxd5 Nde5 17. Bb6 Qd7 18. f4 Nf3
19. Qf2 Nfd4 20. Bc4 {Black could already resign in Balogh,C (2616)-Fier,A 
(2581)/Beijing (blitz) 2008.}) 15. Bf2 {This apparently logical continuation
removing the bishop from the e-file has a serious drawback - it leaves the
problem of the knight on a7.} ({Since his main concern should be the stuck
knight, White had to consider} 15. Nxc8 d4 ({weaker is} 15... Rxc8 16. exd5
exd5 17. Nxd5) 16. Bf2 Rxc8 17. Ne2 {and although Black solved all opening
problems, White has a normal position.}) 15... Bd7 $1 16. exd5 exd5 {The
second critical moment and practically the decisive moment of the game.
Unfortunately for Nisipeanu, he was still thinking that White is better and
didn't realize the danger of the position.} 17. Qxd5 $2 ({Necessary was} 17.
Nxd5 Be6 18. c4 {and at least White is not falling apart:} ({not} 18. Nxc6 bxc6
19. Nb6 Bd5 $1) 18... Bf5+ 19. Ka1 ({Again the alternative} 19. Bd3 {is bad,
because of the simple} Bxd3+ 20. Qxd3 Qxg5) 19... Ra8 20. Nxc6 bxc6 21. Nc3 {
even if after for instance} Qa5 {Black has a more pleasant play.}) 17... Ne5
18. Qb3 {Losing the g5-pawn is fatal for White.} ({More stubborn was} 18. h4
Be6 19. Qc5 Nd7 20. Qb4) 18... Qxg5 {[%eval -32767,0] The material became
equal, but White remained with the knight on a7. Besides, his kingside pawn
structure is horrible. So basically the game is over.} 19. Ne4 Qf4 20. Be2 Be6
21. Qa3 Nc4 22. Bxc4 Bxc4 23. Nd6 Bf8 24. Rd4 Qe5 (24... Qg5 {with the idea}
25. Rxc4 Qg2 $1 {was also strong.}) 25. Rxc4 Bxd6 ({Even quicker was} 25... Qe2
26. Qc3 ({or} 26. Qd3 Qxf2 27. Nxe8 Rxe8 28. Rd4 Nf4 29. Qd2 Ne2) 26... Bxd6
27. Bd4 Bxh2) 26. Qd3 Bf8 $1 {On top of all, Nisipeanu was in severe time
trouble.} 27. a4 Rbd8 28. Qb3 Qd5 29. Rc3 Qd2 30. Be3 ({The last chance for a
longer resistance was} 30. Rc7) 30... Qe2 31. Bb6 Rd1+ ({White resigned in
view of} 31... Rd1+ 32. Rxd1 Qxd1+ 33. Ka2 Re1 34. Qc4 Qa1+ 35. Kb3 Rb1) 0-1

[Event "Bazna Kings 4th"]
[Site "Medias"]
[Date "2010.06.24"]
[Round "9"]
[White "Carlsen, Magnus"]
[Black "Nisipeanu, Liviu Dieter"]
[Result "1/2-1/2"]
[WhiteElo "2813"]
[BlackElo "2672"]
[Annotator "Nisipeanu,LD"]
[PlyCount "64"]
[EventDate "2010.06.14"]
[EventType "tourn"]
[EventRounds "10"]
[EventCountry "ROU"]
[EventCategory "20"]
[SourceTitle "CBM 137"]
[Source "ChessBase"]
[SourceDate "2010.07.15"]
[SourceVersion "1"]
[SourceVersionDate "2010.07.15"]
[SourceQuality "1"]

1. e4 e5 2. Nf3 Nc6 3. Bb5 {I was rather expecting the Scotch, or even more so
the move 1.d4!} f5 {The first time that I have used the Schliemann Defence in
a tournament game. I was hoping that Magnus would be a little surprised by it.}
4. Nc3 {Quickly played, so obviously he had something prepared, probably
because Radjabov plays this from time to time.} fxe4 5. Nxe4 d5 {Radjabov
aways plays 5...Nf6, so around here I was pretty sure, that Magnus was playing
according to 'general knowledge'.} 6. Nxe5 dxe4 7. Nxc6 Qg5 8. Qe2 Nf6 9. f4 {
Here, or on the next move, White can take on a7, but without heavy analysis it
is hardly possible, even for the worlds number one, to find his way in the
wild complications there.} Qxf4 10. Ne5+ (10. d4 {allows Black the extra
option of 10...Qd6.}) 10... c6 11. d4 Qh4+ 12. g3 Qh3 13. Bc4 Be6 {This is
considered to be the main line, at least in games between human opponents. As
explained in various sources, the evaluation of this line depends of the
strenght or weakness of Black's e4-pawn.} 14. Bg5 (14. Bf4 O-O-O 15. O-O-O Bd6
{is another possibilty, leading to complex play.}) 14... O-O-O 15. O-O-O Bd6
16. Rhf1 {The most natural continuation} (16. Qf1 {is considered to be the
main line, but in his excellent book 'The Ruy Lopez Revisited' Ivan Sokolov
showed a quite convincing way for Black to deal with it:} Rhf8 17. Nf7 Rd7 18.
Qxh3 Bxh3 19. Bxf6 gxf6 20. Nxd6+ Rxd6 {followed by f5 and then h5-h4.}) 16...
Rhe8 {For this move I spent a lot of time, but since I had blitzed out the
previous once, I could afford it. The moment is indeed critical, since the
subsequent endgame is not easy to evaluate.} ({After} 16... Rhf8 {I was afraid
of} 17. g4 $5 Bxc4 18. Qxc4 {with initiative to White.}) 17. Bxf6 {The
critical continuation.} (17. Bxe6+ Qxe6 18. Bxf6 gxf6 19. Nc4 Bc7 20. Kb1 f5
21. Ne3 Rf8 {seems fine for Black.}) 17... gxf6 18. Rxf6 Bxe5 19. Rxe6 ({
The alternative} 19. Bxe6+ Rxe6 20. dxe5 Rxd1+ 21. Kxd1 Rxe5 22. Rf8+ Kc7 23.
Rf7+ {was scary to meet over the board, but after} Kc8 24. Qf2 Rd5+ 25. Ke1 Qg4
26. Rf8+ Kc7 27. Qf4+ Qxf4 28. Rxf4 e3 {Black had just enough play for a draw
in Popelka-Voetter correspondence 2007.}) 19... Rxe6 20. Bxe6+ Qxe6 21. dxe5
Qh6+ $1 {Only after seeing this move could I really decide on 16...Rhe8.} (
21... Rxd1+ 22. Kxd1 Qd5+ 23. Ke1 Qxe5 24. Qg4+ {is probably bad for Black,
since the pawn ending after} Kc7 25. Qf4 Qxf4 26. gxf4 Kd6 27. Ke2 Ke6 28. Ke3
Kf5 29. b4 {is winning for White.}) 22. Rd2 {Again the best try. Magnus was
taking a lot of time with his moves, probably in order to put as many problems
as possible for Black.} (22. Kb1 Rxd1+ 23. Qxd1 e3 $1 {passed pawns must be
pushed!} (23... Qxh2 $2 24. e6 {is embarrassing.}) 24. b3 Qxh2 25. e6 Qd2 {
leeds to a draw.}) 22... Rxd2 23. Qxd2 e3 24. Qe2 (24. Qd6 $4 e2+ {is
something you hope for in a bullet game.}) 24... Qg5 25. Kd1 (25. e6 Qe5 $11)
25... Kc7 $1 {I am proud to say that I calculated this move before I played 21.
..Qh6.} (25... Qxe5 26. Qg4+ Kd8 (26... Kc7 $2 27. Qf4 Kd6 28. Ke2 $18) 27.
Qg8+ Kc7 28. Qxh7+ Kb6 29. Ke2 {is clearly better for White.}) 26. Qd3 Qh5+ 27.
Kc1 Qh6 $5 {Seeing that Carlsen was in a slight time trouble, I tried to tempt
him into a complicated pawn ending, where precision is required from both
sides. Since going for this ending was the only winning try in the position
for White, I was silently hoping that Magnus would go for it.} (27... Qxe5 28.
Qxh7+ Kb6 29. Qf7 Qe4 {is most likely enough for a draw.}) 28. Kd1 (28. Qd6+
Qxd6 29. exd6+ Kxd6 30. Kd1 Ke5 31. Ke2 Ke4 {was the critical line and it
seems to be a draw with correct play from both sides. Here are some sample
lines:} 32. b4 (32. c3 c5 33. c4 a6 34. b3 (34. a4 $2 a5 35. b3 b6 36. g4 Kf4
37. h3 h6 $19) 34... b5 35. cxb5 $1 axb5 36. a4 c4 37. a5 cxb3 38. a6 b2 39. a7
b1=Q 40. a8=Q+ $11) 32... b6 33. a4 (33. c3 b5 34. g4 Kf4 35. g5 Kxg5 36. Kxe3
Kg4 37. Kd4 Kh3 38. Kc5 Kxh2 39. Kxc6 a6 40. Kd5 h5 41. c4 bxc4 42. Kxc4 h4 43.
a4 $11) 33... c5 34. bxc5 bxc5 35. c3 c4 36. g4 Kf4 37. g5 a5 38. h4 Kg4 39.
Kxe3 Kxh4 40. Kf4 Kh3 41. Kf3 $1 $11 {After seeing all this lines, it seems
that it is rather White who has to be careful and Magnus was absolutely right
to avoid this pawn ending.}) 28... Qh5+ 29. Ke1 Qxh2 $1 30. Qd6+ (30. Qxe3 Qxc2
$11) 30... Kc8 (30... Kb6 $2 {was the last possibility to go wrong:} 31. Qd8+
Ka6 32. Qd3+ b5 33. Qxe3 Qxc2 34. Qe2 {and Black is suffering for a draw.}) 31.
Qf8+ Kc7 32. Qe7+ Kc8 1/2-1/2

[Event "Bazna Kings 4th"]
[Site "Medias"]
[Date "2010.06.25"]
[Round "10"]
[White "Wang, Yue"]
[Black "Carlsen, Magnus"]
[Result "0-1"]
[WhiteElo "2752"]
[BlackElo "2813"]
[Annotator "Rogozenco,D"]
[PlyCount "94"]
[EventDate "2010.06.14"]
[EventType "tourn"]
[EventRounds "10"]
[EventCountry "ROU"]
[EventCategory "20"]
[SourceTitle "CBM 137"]
[Source "ChessBase"]
[SourceDate "2010.07.15"]
[SourceVersion "1"]
[SourceVersionDate "2010.07.15"]
[SourceQuality "1"]

1. d4 Nf6 2. c4 g6 3. Nc3 d5 4. cxd5 Nxd5 5. Bd2 Bg7 6. e4 Nb6 7. Be3 O-O 8.
Bb5 {The chess of 21st century. The classic masters of the past would have
hardly thought to place the bishop to b5 like this. Indeed, the move 8.Bb5
appeared in practice only in 2001 and since then it became amazingly popular.
White's idea is to prevent Black from placing the knight to c6. A move like 8..
.a6 weakens a bit the knight from b6. However, fashion comes and goes: in my
opinion this sortie of the bishop looks somewhat artificial. Wang Yue
certainly has a different opinion though, as he played 8.Bb5 before.} Be6 ({
Here is a possible variation where White is using the drawbacks of the advance
8...a6:} 8... a6 9. Be2 Nc6 10. d5 Ne5 11. Bd4 c5 12. Bxc5 Nec4 13. Qb3 {
and with the pawn on a7 Black would have taken on b2 followed by Na4. Here is
doesn't work:} Nxb2 14. Bxb6 Bxc3+ 15. Kf1 $1 Qd6 16. Rb1 {and Black is in
troubles.}) 9. Nge2 c6 {A logical novelty. Before placing the knight to c4
Black tries to win a tempo.} ({After the immediate} 9... Nc4 {White can either
take on c4, which is a slightly more favorable version for White than the game
(since the black pawn is on c7 instead of c6), or another possibility is} 10.
Bc1 c6 11. Ba4 {as in the game Bosch,J (2444)-Nijboer,F (2556)/Leeuwarden 2002.
}) ({In case of} 9... Bc4 {White can continue} 10. O-O Bxb5 11. Nxb5 {with
some edge.}) 10. Bd3 Nc4 11. Bxc4 Bxc4 12. O-O Nd7 13. Qd2 Qa5 14. Rfd1 Rad8 {
Black has two bishops and can create pressure on d4. The position is close to
equal, but it is rather White who should play accurately. The Chinese
Grandmaster failed to do so.} 15. Bh6 {An obvious desire to exchange "the
monster" from g7, especially because Black enjoys the bishop pair.} (15. b3 Ba6
16. Bh6 {was a possible alternative: with the white pawn on b3 the entire plan
with Nb6 (which happened in the game) loses its attractiveness.}) 15... Bxe2
16. Nxe2 $6 {The start of all White's problems.} ({Why not the simple} 16. Bxg7
{exchanging the dark-squared bishops? White has little to fear after that.
Here are few sample variations:} Bxd1 (16... Kxg7 17. Qxe2 $11) 17. Bxf8 Nxf8
18. Rxd1 Ne6 19. d5 Nc7 (19... cxd5 20. Nxd5 Qxd2 21. Rxd2 Kg7 22. Rc2 Nf4 23.
Ne3 $11) 20. h4 cxd5 21. exd5 h5 22. Qg5 $11) 16... Qxd2 17. Bxd2 Nb6 18. Bc3
Rd7 {The endgame is quite unpleasant for White. Black's plan is to double
rooks on the d-file and then use the pin of the d4-pawn by playing e7-e5.
Apart from that Black can also disturb opponent's pawn center with f7-f5.} 19.
b3 f5 20. f3 Rfd8 {The threat is 21...e5.} 21. Re1 fxe4 22. fxe4 e5 $1 {
Still! A very energetic play by Carlsen.} 23. dxe5 Rd3 {Black plans Nd7xe5.}
24. g3 $6 {It only weakens further White's position.} ({White can try a move
like} 24. Bb2 {in order to meet 24...Nd7 with 25.Nf4. If} Rd2 (24... g5 $5) 25.
Bc3 Rc2 26. Rac1 Rxa2 27. Ra1 Rxa1 28. Rxa1 Ra8 29. Bd4 Nd7 30. Rxa7 Rxa7 31.
Bxa7 {White should be able to escape, since Black cannot lock the bishop yet
with 31. ..b6 or 31...c5 in view of 32.e6.}) 24... Nd7 25. e6 Bxc3 26. Nxc3 Ne5
27. Red1 Kf8 {Now the position is already difficult for White. At least from
the practical point of view Black's chances to win are probably higher than
White's chances to draw.} 28. Rac1 Ke7 29. Rxd3 Rxd3 30. Rc2 Nf3+ 31. Kf1 Nd4
32. Rc1 Kxe6 33. Rd1 Rxc3 34. Rxd4 Rc2 35. a4 (35. Ra4 a6 36. h4 Ke5 {is a
zugzwang for White: the rook must protect both a2 and e4, the king must
control g2 and e2. The outcome is clear, Black wins.}) 35... Rxh2 36. a5 Rh5
37. b4 Rh2 38. a6 b5 39. e5 Ra2 40. Rd6+ Kxe5 41. Rxc6 Kf5 42. Rc7 Rxa6 43.
Rxh7 Kg4 44. Kf2 Ra2+ 45. Ke3 g5 46. Rg7 Rb2 47. Rxa7 Kxg3 0-1

[Event "Arctic Stars Final"]
[Site "Kristiansund"]
[Date "2010.08.30"]
[Round "1"]
[White "Carlsen, Magnus"]
[Black "Anand, Viswanathan"]
[Result "1-0"]
[WhiteElo "2826"]
[BlackElo "2800"]
[Annotator "CB"]
[PlyCount "107"]
[EventDate "2010.08.30"]
[EventType "match (rapid)"]
[EventRounds "2"]
[EventCountry "NOR"]
[SourceTitle "CBM 138 Extra"]
[Source "ChessBase"]
[SourceDate "2010.10.29"]
[SourceVersion "1"]
[SourceVersionDate "2010.10.29"]
[SourceQuality "1"]

1. d4 Nf6 2. c4 g6 3. Nf3 Bg7 4. g3 O-O 5. Bg2 c6 6. O-O d5 7. Nbd2 Bf5 8. b3
Ne4 9. Bb2 Na6 $5 {A rare continuation that had never been played by a top
player until now.} 10. Nh4 Nxd2 11. Qxd2 Be6 12. Rac1 Qd7 13. Nf3 Rfd8 14. Rfd1
Nc7 15. Qa5 Ne8 16. e3 Bg4 17. Rd2 Bxf3 18. Bxf3 e6 19. Rdc2 Nd6 20. a4 f5 21.
Qe1 a5 $2 {#Anand was severely critical of this move after which "Black just
loses a pawn".} 22. Bc3 $6 {Fortunately for Black, the Norwegian's reply is
not decisive (yet).} ({Black would indeed lose a pawn by force if play had
continued with} 22. cxd5 $1 exd5 ({If} 22... cxd5 $2 23. Rc7 Qe8 24. Ba3 Bf8
25. Bxd6 Bxd6 26. Rxb7) 23. Rc5 {And the a5 pawn falls. For example} Qc7 {
is unplayable due to} 24. Bxd5+ $1) 22... dxc4 23. Bxa5 cxb3 24. Rb2 Rdc8 25.
Rxb3 Bf8 26. Rcb1 Ra7 27. Kg2 Nc4 28. Bb4 Bxb4 29. Rxb4 Nd6 30. Qc3 Rca8 31.
Qc2 Ra6 32. h4 {White already starts softening up the opponent's kingside.} h5
{#} 33. e4 $1 R8a7 34. exf5 Nxf5 ({Anand could not retake with the pawn with} 
34... exf5 $2 {because of} 35. d5 $1 {and things go downhill very quickly.})
35. Re1 Ra5 36. Qb3 Kf7 37. Re4 $6 Ne7 (37... b5 {would have been better.} 38.
axb5 cxb5) 38. Qc2 Nd5 39. Rc4 Ra8 40. Re5 $1 Ne7 {#} 41. Bxh5 $1 {The bishop
is untouchable.} Rxe5 (41... gxh5 $2 42. Qh7+ Kf6 (42... Ke8 43. Qxh5+ Kf8 44.
Rxa5) 43. Rg5 {Threatening Qg7 mate.} Rxg5 44. hxg5+ Kxg5 45. Qg7+ Kf5 46. Qf7+
Kg5 47. Rc5+ {and Black loses the queen or is mated.}) 42. dxe5 Qd5+ 43. Bf3
Qxe5 44. Re4 Qd6 45. h5 $1 Rf8 46. Qb2 b5 47. axb5 cxb5 48. Qxb5 Nf5 49. Qb7+
Kf6 50. Qh7 gxh5 51. Bxh5 Qd5 52. Bf3 Qd2 53. g4 Ng7 {#} 54. g5+ $1 ({After} 
54. g5+ $1 Qxg5+ 55. Rg4 {ends it.}) 1-0